00000000nam##2200000za#4500
0019.695535
003CaOODSP
00520210624234624
007cr |||||||||||
008150407|2001||||xxc|||||o    f|0| 0 eng|d
040 |aCaOODSP|beng
043 |an-cn---
0861 |aH114-5/2001E-PDF
1101 |aCanada. |bPest Management Regulatory Agency.
24510|aPest Management Regulatory Agency : |h[electronic resource]|boverview document
260 |bHealth Canada. |cMay 2001.
300 |a9p.
590 |a12-08-Supp|b2012-03-16
69007|aPesticides|2gcpds
77508|tL'Agence de réglementation de la lutte antiparasitaire : |w(CaOODSP)9.639667
7760#|tPest Management Regulatory Agency overview document |w(CaOODSP)9.663193
7760#|tAgence de réglementation de la lutte antiparasitaire: vue d'ensemble |w(CaOODSP)9.663194
85640|ahttp://publications.gc.ca|qPDF|s125 KB|uhttps://publications.gc.ca/collections/Collection/H114-5-2001E.pdf